PRACTICAL MICROBIOLOGY (Record no. 5406)

MARC details
000 -LEADER
fixed length control field 00387nam a22001577a 4500
005 - DATE AND TIME OF LATEST TRANSACTION
control field 20170401161912.0
008 - FIXED-LENGTH DATA ELEMENTS--GENERAL INFORMATION
fixed length control field 170401b xxu||||| |||| 00| 0 eng d
020 ## - INTERNATIONAL STANDARD BOOK NUMBER
ISBN 978-81-219-2153-4
041 ## - LANGUAGE CODE
Language code of text/sound track or separate title eng
100 ## - MAIN ENTRY--AUTHOR NAME
Personal name DUBEY,DR R.C ,MAHESHWARI, DR D .K
245 ## - TITLE STATEMENT
Title PRACTICAL MICROBIOLOGY
260 ## - PUBLICATION, DISTRIBUTION, ETC. (IMPRINT)
Name of publisher S CHAND
Year of publication 2002
300 ## - PHYSICAL DESCRIPTION
Number of Pages 413
650 ## - SUBJECT ADDED ENTRY--TOPICAL TERM
Topical Term AGRICULTURE
942 ## - ADDED ENTRY ELEMENTS (KOHA)
Koha item type Books
Holdings
Lost status Damaged status Collection code Home library Current library Shelving location Date acquired Source of acquisition Cost, normal purchase price Accession Number Koha item type Full call number
    AGRICULTURE JRU Library JRU Library SHELF-44-G 30/09/2023 PURCHASE 300.00 21674 Books  
    Reference JRU Library JRU Library SHELF-2-D 30/09/2023 PURCHASE 300.00 21675 Books 579
    AGRICULTURE JRU Library JRU Library SHELF-44-G 30/09/2023 PURCHASE 300.00 21676 Books  
    AGRICULTURE JRU Library JRU Library SHELF-44-G 30/09/2023 PURCHASE 300.00 21677 Books  
    Reference JRU Library JRU Library SHELF - 12 - E 30/09/2023 PURCHASE 300.00 21678 Books